Toutes les communes de la Seine-et-Marne avec une carte - Statistiques

Statistiques générales
  • Ce quiz a été pris 2 872 fois
  • Le résultat moyen est 54 sur 507
Réponses sur la Carte
Les réponses sont colorées sur une échelle allant du rouge au vert en fonction du pourcentage des utilisateurs qui les ont devinées à leur premier essai. Vous pouvez retrouver ces pourcentages ci-dessous.
 
Statistiques - réponses
Réponse % Correct
Melun
89%
Meaux
87%
Fontainebleau
83%
Torcy
68%
Chelles
66%
Provins
63%
Chessy
55%
Coulommiers
52%
Lagny-sur-Marne
50%
Pontault-Combault
48%
Nemours
47%
Bussy-Saint-Georges
45%
Champs-sur-Marne
44%
Noisiel
44%
Dammarie-les-Lys
43%
Ozoir-la-Ferrière
42%
Serris
42%
Brie-Comte-Robert
41%
Lognes
41%
Roissy-en-Brie
41%
Savigny-le-Temple
41%
Avon
38%
Le Mée-sur-Seine
38%
Mitry-Mory
38%
Lieusaint
37%
Montereau-Fault-Yonne
37%
Villeparisis
37%
Claye-Souilly
36%
La Ferté-sous-Jouarre
36%
Esbly
35%
Tournan-en-Brie
35%
Vaires-sur-Marne
35%
Crécy-la-Chapelle
34%
Dammartin-en-Goële
34%
Nangis
34%
Combs-la-Ville
33%
Thorigny-sur-Marne
33%
Cesson
31%
Moissy-Cramayel
31%
Émerainville
30%
Gretz-Armainvilliers
30%
Nanteuil-lès-Meaux
30%
Bois-le-Roi
29%
Montévrain
28%
La Ferté-Gaucher
27%
Magny-le-Hongre
26%
Collégien
25%
Trilport
24%
Vaux-le-Pénil
24%
Bailly-Romainvilliers
23%
Barbizon
23%
Lizy-sur-Ourcq
23%
Mareuil-lès-Meaux
22%
Nandy
22%
Saint-Fargeau-Ponthierry
22%
Saint-Thibault-des-Vignes
22%
Champagne-sur-Seine
21%
Jouarre
21%
Lésigny
21%
Souppes-sur-Loing
21%
Vert-Saint-Denis
21%
Coupvray
20%
Le Pin
20%
Mormant
20%
Bussy-Saint-Martin
19%
Château-Landon
19%
Courtry
19%
Jossigny
19%
Saint-Mard
19%
Saint-Pierre-lès-Nemours
19%
Croissy-Beaubourg
18%
Ferrières-en-Brie
18%
Fontenay-Trésigny
18%
Jablines
18%
Pomponne
18%
Quincy-Voisins
18%
Annet-sur-Marne
17%
Brou-sur-Chantereine
17%
Compans
17%
Guermantes
17%
Moret-Loing-et-Orvanne
17%
Seine-Port
17%
Servon
17%
Bourron-Marlotte
16%
Chartrettes
16%
Couilly-Pont-aux-Dames
16%
Crégy-lès-Meaux
16%
Guignes
16%
Juilly
16%
La Rochette
16%
Le Mesnil-Amelot
16%
Mouroux
16%
Pontcarré
16%
Réau
16%
Samoreau
16%
Thomery
16%
Chailly-en-Bière
15%
Crouy-sur-Ourcq
15%
Faremoutiers
15%
Héricy
15%
Le Châtelet-en-Brie
15%
Othis
15%
Rubelles
15%
Saint-Mammès
15%
Verneuil-l'Étang
15%
Bagneaux-sur-Loing
14%
Boissise-le-Roi
14%
Bray-sur-Seine
14%
Chalifert
14%
Chanteloup-en-Brie
14%
Dampmart
14%
Grez-sur-Loing
14%
Maincy
14%
Saint-Germain-sur-Morin
14%
Saint-Soupplets
14%
Villevaudé
14%
Villiers-en-Bière
14%
Vulaines-sur-Seine
14%
Coubert
13%
La Grande-Paroisse
13%
Longueville
13%
Montry
13%
Pommeuse
13%
Pringy
13%
Rebais
13%
Rozay-en-Brie
13%
Saâcy-sur-Marne
13%
Samois-sur-Seine
13%
Thieux
13%
Villeneuve-le-Comte
13%
Villenoy
13%
Achères-la-Forêt
12%
Bombon
12%
Conches-sur-Gondoire
12%
Fontaine-le-Port
12%
Gouvernes
12%
Guérard
12%
Livry-sur-Seine
12%
Montigny-sur-Loing
12%
Mortcerf
12%
Moussy-le-Neuf
12%
Nantouillet
12%
Saint-Pathus
12%
Varennes-sur-Seine
12%
Arbonne-la-Forêt
11%
Blandy
11%
Changis-sur-Marne
11%
Chauconin-Neufmontiers
11%
Chevry-Cossigny
11%
Coutevroult
11%
Messy
11%
Moussy-le-Vieux
11%
Villeneuve-Saint-Denis
11%
Voisenon
11%
Baby
10%
Boissise-la-Bertrand
10%
Carnetin
10%
Cély
10%
Chaumes-en-Brie
10%
Donnemarie-Dontilly
10%
Favières
10%
Fresnes-sur-Marne
10%
Gressy
10%
Lesches
10%
Marolles-en-Brie
10%
Noisy-sur-École
10%
Perthes
10%
Poincy
10%
Trilbardou
10%
Ury
10%
Varreddes
10%
Villiers-sur-Morin
10%
Cannes-Écluse
9%
Chailly-en-Brie
9%
Charny
9%
Coulommes
9%
Dammartin-sur-Tigeaux
9%
Égreville
9%
Évry-Grégy-sur-Yerre
9%
Féricy
9%
Férolles-Attilly
9%
Jouy-le-Châtel
9%
Longperrier
9%
Maison-Rouge
9%
Marles-en-Brie
9%
Monthyon
9%
Penchard
9%
Poigny
9%
Précy-sur-Marne
9%
Saint-Germain-Laxis
9%
Saint-Jean-les-Deux-Jumeaux
9%
Sept-Sorts
9%
Tigeaux
9%
Armentières-en-Brie
8%
Beton-Bazoches
8%
Boissettes
8%
Boissy-le-Châtel
8%
Bouleurs
8%
Châtres
8%
Condé-Sainte-Libiaire
8%
Doue
8%
Fleury-en-Bière
8%
Grisy-Suisnes
8%
La Celle-sur-Morin
8%
La Houssaye-en-Brie
8%
Marolles-sur-Seine
8%
Mauregard
8%
Oissery
8%
Orly-sur-Morin
8%
Ozouer-le-Voulgis
8%
Pamfou
8%
Pierre-Levée
8%
Presles-en-Brie
8%
Saint-Augustin
8%
Saint-Cyr-sur-Morin
8%
Saint-Germain-Laval
8%
Saint-Mesmes
8%
Sancy
8%
Sivry-Courtry
8%
Vernou-la-Celle-sur-Seine
8%
Villeneuve-sous-Dammartin
8%
Voulangis
8%
Voulx
8%
Yèbles
8%
Barcy
7%
Bellot
7%
Boutigny
7%
Congis-sur-Thérouanne
7%
Jouy-sur-Morin
7%
La Chapelle-Gauthier
7%
La Chapelle-la-Reine
7%
Les Ormes-sur-Voulzie
7%
Machault
7%
Mauperthuis
7%
May-en-Multien
7%
Méry-sur-Marne
7%
Montereau-sur-le-Jard
7%
Montgé-en-Goële
7%
Nanteuil-sur-Marne
7%
Neufmoutiers-en-Brie
7%
Sainte-Colombe
7%
Soignolles-en-Brie
7%
Sourdun
7%
Ussy-sur-Marne
7%
Villecerf
7%
Villeroy
7%
Villiers-Saint-Georges
7%
Amillis
6%
Amponville
6%
Andrezel
6%
Beaumont-du-Gâtinais
6%
Bréau
6%
Buthiers
6%
Champeaux
6%
Choisy-en-Brie
6%
Citry
6%
Crèvecœur-en-Brie
6%
Darvault
6%
Étrépilly
6%
Faÿ-lès-Nemours
6%
Forges
6%
Fublaines
6%
Germigny-l'Évêque
6%
Iverny
6%
Larchant
6%
Limoges-Fourches
6%
Lissy
6%
Liverdy-en-Brie
6%
Lumigny-Nesles-Ormeaux
6%
Montceaux-lès-Meaux
6%
Nonville
6%
Poligny
6%
Recloses
6%
Rouvres
6%
Saint-Martin-en-Bière
6%
Saint-Sauveur-sur-École
6%
Saint-Siméon
6%
Sammeron
6%
Touquin
6%
Tousson
6%
Valence-en-Brie
6%
Villemer
6%
Villeneuve-sur-Bellot
6%
Ville-Saint-Jacques
6%
Argentières
5%
Arville
5%
Aubepierre-Ozouer-le-Repos
5%
Aufferville
5%
Aulnoy
5%
Bransles
5%
Chalautre-la-Grande
5%
Chalautre-la-Petite
5%
Chambry
5%
Charmentray
5%
Chateaubleau
5%
Chauffry
5%
Chevru
5%
Cocherel
5%
Courpalay
5%
Cuisy
5%
Dormelles
5%
Échouboulains
5%
Esmans
5%
Flagy
5%
Fontenailles
5%
Fouju
5%
Grandpuits-Bailly-Carrois
5%
Isles-les-Meldeuses
5%
Isles-lès-Villenoy
5%
La Croix-en-Brie
5%
La Haute-Maison
5%
La Tombe
5%
Laval-en-Brie
5%
Le Plessis-l'Évêque
5%
Le Plessis-Placy
5%
Lescherolles
5%
Les Écrennes
5%
Le Vaudoué
5%
Maisoncelles-en-Brie
5%
Marchémoret
5%
Marcilly
5%
Mary-sur-Marne
5%
Misy-sur-Yonne
5%
Moisenay
5%
Montigny-Lencoup
5%
Ocquerre
5%
Pécy
5%
Sablonnières
5%
Saint-Denis-lès-Rebais
5%
Saint-Germain-sous-Doue
5%
Saint-Ouen-en-Brie
5%
Solers
5%
Trocy-en-Multien
5%
Vaudoy-en-Brie
5%
Villiers-sur-Seine
5%
Bazoches-lès-Bray
4%
Beautheil-Saints
4%
Boissy-aux-Cailles
4%
Boulancourt
4%
Burcy
4%
Chaintreaux
4%
Chamigny
4%
Champdeuil
4%
Coulombs-en-Valois
4%
Courquetaine
4%
Courtomer
4%
Crisenoy
4%
Dagny
4%
Dhuisy
4%
Douy-la-Ramée
4%
Forfry
4%
Gesvres-le-Chapitre
4%
Giremoutiers
4%
Gironville
4%
Gouaix
4%
Guercheville
4%
Hautefeuille
4%
Ichy
4%
La Brosse-Montceaux
4%
La Genevraye
4%
Le Plessis-Feu-Aussoux
4%
Les Chapelles-Bourbon
4%
Lorrez-le-Bocage-Préaux
4%
Luisetaines
4%
Luzancy
4%
Montcourt-Fromonville
4%
Nanteau-sur-Lunain
4%
Noisy-Rudignon
4%
Ormesson
4%
Pézarches
4%
Puisieux
4%
Rampillon
4%
Reuil-en-Brie
4%
Saint-Barthelemy
4%
Saint-Brice
4%
Sainte-Aulde
4%
Saint-Fiacre
4%
Saint-Germain-sur-École
4%
Saint-Léger
4%
Saint-Loup-de-Naud
4%
Saint-Martin-des-Champs
4%
Saint-Méry
4%
Saint-Ouen-sur-Morin
4%
Saint-Rémy-la-Vanne
4%
Sancy-lès-Provins
4%
Signy-Signets
4%
Thoury-Férottes
4%
Verdelot
4%
Vignely
4%
Villemaréchal
4%
Villemareuil
4%
Villiers-sous-Grez
4%
Vinantes
4%
Voinsles
4%
Balloy
3%
Barbey
3%
Bassevelle
3%
Beauchery-Saint-Martin
3%
Beauvoir
3%
Bernay-Vilbert
3%
Blennes
3%
Boitron
3%
Bougligny
3%
Bussières
3%
Chalmaison
3%
Champcenest
3%
Châtenay-sur-Seine
3%
Châtillon-la-Borde
3%
Chenoise-Cucharmoy
3%
Chenou
3%
Chevrainvilliers
3%
Chevry-en-Sereine
3%
Courcelles-en-Bassée
3%
Courtacon
3%
Diant
3%
Everly
3%
Fontaine-Fourches
3%
Fontains
3%
Fromont
3%
Garentreville
3%
Gastins
3%
Germigny-sous-Coulombs
3%
Gravon
3%
Grisy-sur-Seine
3%
Hermé
3%
Hondevilliers
3%
Jaignes
3%
Jaulnes
3%
Jutigny
3%
La Chapelle-Moutils
3%
La Chapelle-Rablais
3%
La Madeleine-sur-Loing
3%
La Trétoire
3%
Léchelle
3%
Le Plessis-aux-Bois
3%
Lizines
3%
Louan-Villegruis-Fontaine
3%
Meilleray
3%
Mondreville
3%
Montceaux-lès-Provins
3%
Montdauphin
3%
Montenils
3%
Montmachoux
3%
Montolivet
3%
Mousseaux-lès-Bray
3%
Mouy-sur-Seine
3%
Nanteau-sur-Essonne
3%
Obsonville
3%
Paley
3%
Passy-sur-Seine
3%
Quiers
3%
Remauville
3%
Rumont
3%
Saint-Just-en-Brie
3%
Saint-Mars-Vieux-Maisons
3%
Salins
3%
Savins
3%
Soisy-Bouy
3%
Tancrou
3%
Treuzy-Levelay
3%
Vaucourtois
3%
Vaux-sur-Lunain
3%
Vendrest
3%
Vieux-Champagne
3%
Villebéon
3%
Villenauxe-la-Petite
3%
Vimpelles
3%
Vincy-Manœuvre
3%
Vulaines-lès-Provins
3%
Augers-en-Brie
2%
Bannost-Villegagnon
2%
Boisdon
2%
Cerneux
2%
Cessoy-en-Montois
2%
Chartronges
2%
Châtenoy
2%
Clos-Fontaine
2%
Courchamp
2%
Coutençon
2%
Égligny
2%
Fretoy
2%
Gurcy-le-Châtel
2%
La Chapelle-Iger
2%
La Chapelle-Saint-Sulpice
2%
Les Marets
2%
Leudon-en-Brie
2%
Maisoncelles-en-Gâtinais
2%
Melz-sur-Seine
2%
Mons-en-Montois
2%
Montigny-le-Guesdier
2%
Noyen-sur-Seine
2%
Paroy
2%
Rouilly
2%
Saint-Hilliers
2%
Saint-Martin-du-Boschet
2%
Saint-Sauveur-lès-Bray
2%
Sigy
2%
Sognolles-en-Montois
2%
Thénisy
2%
Vanvillé
2%
Villeneuve-les-Bordes
2%
Villuis
2%
Voulton
2%
Bezalles
1%
Meigneux
1%
Mortery
1%
Rupéreux
1%
Aucun quiz correspondant
Distribution des résultats
% des personnes avec chaque résultat
Percentile par nombre de réponses
Votre historique - résultats
Vous n’avez pas pris ce quiz